00979nam a22002657a 45000010005000000030006000050050017000110080041000280200018000690400029000870500014001160820010001301000017001402450046001572500037002032600030002403000039002705050007003095200275003165210018005915210018006096500023006276500033006507000030006837895FISKH20250813101436.0250813b cb ||||| |||| 00| 0 eng d a9780194789103 aFISKHbengcFISKHdFISKH aPR4821.J2 a428.6 aMowat, Diane aThe monkey's paw /cRetold by Diane Mowat aThis edition first pubished 1989 aNew York :bOxford,c1989 a56 pages :billustrations ;c20 cm aW  aFiction. Horror. HTML:The Monkey's Paw is a classic horror short story written by author W. W. Jacobs, published in England in 1902. In the story, the paw of a dead monkey is a talisman that grants its possessor three wishes, but the wishes come with an enormous price. 8 a880 bLexile 8 aW bRaz-Plus  2ElementaryaHorror 2Online-classesaThree wishes aJones, Kevindillustrator